Quizzes
Events
Quiz Creation
Community
Videos
Private Events
Remove Ads
Sign In
Join for FREE
Feedback
Dark Mode
Quiz Categories
Sports
Geography
Music
Movies
Television
Just For Fun
Miscellaneous
History
Literature
Language
Science
Gaming
Entertainment
Religion
Holiday
For Kids
Quiz Lab
Recent
Popular Today
Quiz Kudos Today
Editor Picks
Curator Picks
Quizzes by...
Day
Popularity
Type
Ratings
Length
Year
Community
Subscriptions
Recent Discussions
Orange Saloon
Badges
Playlists
Quests
Create
Leaderboards
Showdown
Live 5
Trivia Bingo
Activity
Puzzle Library
Sporcle Events
Private Events
Virtual Trivia
Globe League
Become a Host
Pub Owners
SporcleCon
Opinionation
Our Games
Videos
Blog
Mobile Apps
Partnerships
Remove Ads and Go Orange
Feedback
Music
Pop Music
The Beatles
Song
Album
Lyrics
Bands
Singers
Artist
Clip
Rock
Rap
Classical
Billboard
Country Music
Kpop
Taylor Swift
Music
Pop Music
The Beatles
Song
Album
Lyrics
Bands
Singers
Artist
Clip
Rock
Rap
Classical
Billboard
Country Music
Kpop
Taylor Swift
Random Quiz
Search Sporcle
×
Curator Pick
Curator Pick
Music
Rock
Type in answers that appear in a list
Type in answers that appear in a list
Classic
Best Score? Go Orange.
Band Names: 3 Word Match Up Stats
Can you match the three words together that forms the band name?
By
Trinity8503
7m
138 Questions
2,723 Plays
2,723 Plays
2,723 Plays
Comments
Comments
Give Quiz Kudos
Give Quiz Kudos
-
- Ratings
hide this ad
Replay
Link that replays current quiz
Next Quiz
Link to next quiz in quiz playlist
You Got
0%
They Got
Avg Score
52%
Avg Friend Score
Upgrade to see
Score Distribution
Jump to the score distribution portion of the page
Score
0/138
Timer
07:00
0
Plays Today
Part of Band Name
Band Name
% Correct
Goo
Goo Goo Dolls
81.6%
Dolls
Goo Goo Dolls
81.6%
Goo
Goo Goo Dolls
81.5%
Creedence
Creedence Clearwater Revival
77.8%
Clearwater
Creedence Clearwater Revival
77.8%
Revival
Creedence Clearwater Revival
77.8%
Roses
Guns 'n Roses
75.4%
Guns
Guns 'n Roses
75.4%
'n
Guns 'n Roses
75.3%
Alice
Alice in Chains
73.9%
Chains
Alice in Chains
73.9%
In
Alice in Chains
73.9%
Inch
Nine Inch Nails
73.4%
Nine
Nine Inch Nails
73.4%
Nails
Nine Inch Nails
73.4%
Kings
Kings of Leon
71.2%
Leon
Kings of Leon
71.2%
Of
Kings of Leon
71.2%
Ace
Ace of Base
67.9%
Of
Ace of Base
67.9%
Base
Ace of Base
67.9%
Doors
3 Doors Down
67.7%
3
3 Doors Down
67.6%
Down
3 Doors Down
67.5%
Chemical
My Chemical Romance
64.6%
My
My Chemical Romance
64.6%
Romance
My Chemical Romance
64.6%
Cult
Blue Oyster Cult
63.8%
Tears
Tears for Fears
63.8%
Fears
Tears for Fears
63.8%
For
Tears for Fears
63.8%
Oyster
Blue Oyster Cult
63.8%
Blue
Blue Oyster Cult
63.8%
Pilots
Stone Temple Pilots
62.5%
Stone
Stone Temple Pilots
62.4%
Temple
Stone Temple Pilots
62.4%
Men
Men at Work
61.9%
At
Men at Work
61.9%
Work
Men at Work
61.9%
Eyed
Black Eyed Peas
60.7%
Black
Black Eyed Peas
60.7%
Peas
Black Eyed Peas
60.7%
Bowling
Bowling for Soup
59.8%
For
Bowling for Soup
59.8%
Soup
Bowling for Soup
59.8%
Eye
Third Eye Blind
59.7%
Part of Band Name
Band Name
% Correct
Third
Third Eye Blind
59.6%
Ant
Alien Ant Farm
59.6%
Blind
Third Eye Blind
59.6%
Alien
Alien Ant Farm
59.6%
Farm
Alien Ant Farm
59.6%
Said
Right Said Fred
58.3%
Fred
Right Said Fred
58.3%
Right
Right Said Fred
58.2%
No
Faith No More
57.2%
Faith
Faith No More
57.1%
More
Faith No More
57.1%
Puddle
Puddle of Mudd
56.9%
Mudd
Puddle of Mudd
56.9%
Of
Puddle of Mudd
56.9%
Crash
Crash Test Dummies
56.6%
Test
Crash Test Dummies
56.6%
Dummies
Crash Test Dummies
56.5%
Jimmy
Jimmy Eat World
56.5%
Eat
Jimmy Eat World
56.4%
Dexys
Dexys Midnight Runners
56.4%
Midnight
Dexys Midnight Runners
56.4%
Runners
Dexys Midnight Runners
56.4%
World
Jimmy Eat World
56.4%
Posse
Insane Clown Posse
54.9%
Insane
Insane Clown Posse
54.9%
Clown
Insane Clown Posse
54.9%
All
All American Rejects
53.6%
American
All American Rejects
53.5%
Rejects
All American Rejects
53.5%
Young
Fine Young Cannibals
53%
Fine
Fine Young Cannibals
53%
Cannibals
Fine Young Cannibals
53%
Pain
House of Pain
52.2%
House
House of Pain
52.2%
Of
House of Pain
52.2%
Fountains
Fountains of Wayne
51%
Of
Fountains of Wayne
51%
Wayne
Fountains of Wayne
51%
Funk
Grand Funk Railroad
50.8%
Grand
Grand Funk Railroad
50.8%
Railroad
Grand Funk Railroad
50.8%
God
Lamb of God
49.6%
Of
Lamb of God
49.5%
Lamb
Lamb of God
49.5%
Dog
Three Dog Night
46%
Three
Three Dog Night
46%
Part of Band Name
Band Name
% Correct
Night
Three Dog Night
46%
Nature
Naughty by Nature
44.2%
By
Naughty by Nature
44.2%
Naughty
Naughty by Nature
44.1%
Grace
Three Days Grace
42.8%
Three
Three Days Grace
42.7%
Days
Three Days Grace
42.7%
Better
Better than Ezra
42.7%
Than
Better than Ezra
42.7%
Ezra
Better than Ezra
42.7%
Less
Less Than Jake
42.2%
Jake
Less Than Jake
42.2%
Me
Color Me Badd
42.2%
Than
Less Than Jake
42.2%
Badd
Color Me Badd
42.1%
Color
Color Me Badd
42.1%
For
Porno for Pyros
41.5%
Porno
Porno for Pyros
41.5%
Pyros
Porno for Pyros
41.5%
Filth
Cradle of Filth
40.3%
Cradle
Cradle of Filth
40.2%
Of
Cradle of Filth
40.2%
All
All About Eve
37.9%
About
All About Eve
37.9%
Eve
All About Eve
37.8%
Something
Deep Blue Something
36.8%
Blue
Deep Blue Something
36.7%
Deep
Deep Blue Something
36.7%
Found
New Found Glory
36%
New
New Found Glory
36%
Glory
New Found Glory
35.9%
The
The Velvet Underground
34.8%
Velvet
The Velvet Underground
34.8%
Underground
The Velvet Underground
34.8%
Cleo
Letters to Cleo
32.3%
Letters
Letters to Cleo
32.2%
To
Letters to Cleo
32.2%
Plan
Dillinger Escape Plan
32.2%
Dillinger
Dillinger Escape Plan
32.1%
Escape
Dillinger Escape Plan
32.1%
Mean
Mean Mr Mustard
31.3%
Mr
Mean Mr Mustard
31.2%
Mustard
Mean Mr Mustard
31.2%
Five
Five for Fighting
27.3%
For
Five for Fighting
27.3%
Fighting
Five for Fighting
27.3%
Quiz Playlist
Details
Report
Send in Message
Add To Playlist
Classic:
Type in answers that appear in a list
Last Updated: Feb 16, 2017
Curator Pick in
Bands
Quiz Scoreboard
CHALLENGE
Sign Up to Join the Scoreboard
Show All
Scores
Hide
Comments
May contain spoilers
Recently Published
Click the 1999 NBA Draft
by nibperrychub
Sports
2m
Alphabetical 'K' Countries by Flag Minefield
by ylime102
Geography
3m
Pick 6: Fruits
by JohnFran
Miscellaneous
15s
More to Explore
Quiz From the Vault
Featured Blog Post
15 Basketball Trivia Facts You Can Be March Mad About
hide this ad
You Might Also Like...
Tags
Bands Quiz
Rock Quiz
Band Name
Group Name
Matching
name
Rock Band
Today's Top Quizzes in Music
Browse Music
hide this ad
Today's Top Quizzes in Rock
Browse Rock
Top Contributed Quizzes in Music
1
Taylor Swift All Songs (2024)
2
KPOP LOGIC QUIZ
3
A Taylor Swift Logic Puzzle
4
Guess the Taylor Swift song (Mystery Song)
5
K-Pop Murder Mystery Logic Quiz
6
Taylor Swift Logic Puzzle
7
Guess The Taylor Swift Lyrics Song #1
8
kpop group name match up
9
NCT 2020 Logic Puzzle
10
K-Pop : 100 Debut Songs (Part 1 of 3)
Explore More
Trending Topics
Harry Potter
Crossword
Disney
Kpop
Marvel
NBA
Anime
Pokémon
WWE
Song
Puzzle
The Office
Country
Soccer
NFL
hide this ad
More By:
Trinity8503
Quiz
Plays
Rating
Category
Featured
Created
3 Songs: Name the Artist
98,787
4.37
Music
May 28, 2013
Fill-in-the-Blank Movie Names II
98,161
4.61
Movies
Aug 30, 2013
Common Words in Metal Band Names
67,317
4.64
Music
Feb 25, 2014
Single Name Musicians
61,380
4.43
Music
Jun 15, 2013
'Named' Song Titles
45,311
4.39
Music
Mar 11, 2013
Go to Creator's Profile
Score Distribution
Quiz Creator Spotlight
Trinity8503
Follow
Send a Message
Quizzes Created
-
Created Quiz Play Count
-
More By This Creator
Popular Quizzes Today
1
Countries of Asia Without Outlines Minefield
2
Find the US States - No Outlines Minefield
3
Pick 6: Fruits
4
Alphabetical 'K' Countries by Flag Minefield
5
The Countries of the World
6
Find the US States
7
US States
8
Match the Book to the Film X
More Music Quizzes
Name Every Taylor Swift Song (INCLUDING 1989 TV)
Quiz Lab
Trending Quizzes
Pick 6: Mountains
Pick 6: Harry Potter
Pick 6: NFL Teams
Pick 6: Movie Franchises
Pick 6: Golfers
Recently Updated
NWSL Teams
pecheneg
Women's Final Four Teams by Year
bhenderson79
Presidents Quartet II
eogle
Anything But Clue(do)
eogle
Anything But Oceanian Capitals
eogle
Anything But 7
eogle
Anything But Thing
eogle
Word Ladder: February 29
pecheneg
Song Title Questions
pecheneg
Women's NCAA Tournament #1 Seeds
pecheneg
Trending Topics
Kpop
Harry Potter
Disney
Marvel
Anime
NBA
Crossword
Soccer
Puzzle
Song
Country
NFL
The Office
Pokémon
WWE
Your Account Isn't Verified!
In order to create a playlist on Sporcle, you need to verify the email address you used during registration. Go to your
Sporcle Settings
to finish the process.
Report this User
Report this user for behavior that violates our
Community Guidelines
.
Details:
Send Report
Go to the Sporcle.com Mobile Site →
Comments